Three Letter Words A-Z #2 - Statistics

General Stats
  • This quiz has been taken 106 times
  • The average score is 20 of 26
Answer Stats
hint word % Correct
L national rule law
98%
O nocturnal bird owl
98%
Y Japan's currency yen
98%
N short sleep nap
96%
J people's bodies have an upper and lower one jaw
95%
T the smallest prime number two
95%
C in pool, the stick used to hit the ball cue
94%
M guys; blokes; chaps men
94%
D liquid stain used for coloring dye
93%
E ovum egg
90%
H this bone's connected to the thigh bone hip
88%
G stomach or belly gut
86%
K piece of metal that allows door entry key
86%
S female pig sow
84%
I fury, anger ire
83%
Z Z, outside of the US zed
80%
W seduce woo
74%
A appropriate apt
72%
V compete vie
70%
F marshland fen
64%
P Φ phi
64%
U to avail oneself of use
64%
Q postal symbol of Australia's north-eastern state Qld
57%
B in cricket, a run scored from a ball not hit by the batsman bye
37%
X luxury Jaguar car model XJS
20%
R drowned river valley ria
17%
No matching quizzes found
Score Distribution
Percent of People with Each Score
Percentile by Number Answered
Your Score History
You have not taken this quiz